[Event "5th European Small Nations"]
[Site "Andorra la Vella"]
[Date "2017.11.13"]
[Round "3.9"]
[White "De La Riva Aguado, Oscar"]
[Black "Berend, Fred"]
[Result "1-0"]
[BlackElo "2371"]
[WhiteElo "2482"]
[LiveChessVersion "1.4.8"]

1. e4 {[%clk 1:30:55]} c5 {[%clk 1:30:50]} 2. Nf3 {[%clk 1:30:55]} Nc6
{[%clk 1:31:16]} 3. Nc3 {[%clk 1:29:18]} e6 {[%clk 1:31:08]} 4. d4
{[%clk 1:29:43]} cxd4 {[%clk 1:31:35]} 5. Nxd4 {[%clk 1:30:07]} a6
{[%clk 1:32:01]} 6. g3 {[%clk 1:27:18]} Qc7 {[%clk 1:29:22]} 7. Bg2
{[%clk 1:27:21]} Nf6 {[%clk 1:28:53]} 8. O-O {[%clk 1:26:22]} Nxd4
{[%clk 1:26:19]} 9. Qxd4 {[%clk 1:26:45]} Bc5 {[%clk 1:26:28]} 10. Bf4
{[%clk 1:23:56]} d6 {[%clk 1:26:45]} 11. Qd2 {[%clk 1:22:57]} h6 {[%clk 1:25:14]}
12. Rad1 {[%clk 1:15:20]} e5 {[%clk 1:19:15]} 13. Be3 {[%clk 1:15:16]} Bb4
{[%clk 1:11:52]} 14. Nb5 {[%clk 1:10:00]} axb5 {[%clk 1:10:25]} 15. Qxb4
{[%clk 1:10:15]} Rxa2 {[%clk 1:08:27]} 16. Qxb5+ {[%clk 1:05:40]} Ke7
{[%clk 1:07:53]} 17. Rxd6 {[%clk 1:02:12]} Qa5 {[%clk 0:57:50]} 18. Qxa5
{[%clk 0:52:46]} Rxa5 {[%clk 0:57:40]} 19. Rfd1 {[%clk 0:53:11]} Nd7
{[%clk 0:49:33]} 20. b4 {[%clk 0:50:13]} Ra1 {[%clk 0:49:33]} 21. Rxd7+
{[%clk 0:50:13]} Bxd7 {[%clk 0:49:59]} 22. Rxa1 {[%clk 0:50:30]} 1-0

[Event "5th European Small Nations"]
[Site "Andorra la Vella"]
[Date "2017.11.13"]
[Round "3.10"]
[White "Weber, Tom"]
[Black "Norwood, David R"]
[Result "1/2-1/2"]
[BlackElo "2505"]
[WhiteElo "2418"]
[LiveChessVersion "1.4.8"]

1. e4 {[%clk 1:30:56]} g6 {[%clk 1:30:56]} 2. d4 {[%clk 1:31:22]} Bg7
{[%clk 1:31:20]} 3. Nc3 {[%clk 1:31:46]} d6 {[%clk 1:31:30]} 4. Be3
{[%clk 1:31:59]} a6 {[%clk 1:31:26]} 5. h4 {[%clk 1:31:13]} Nf6 {[%clk 1:26:21]}
6. f3 {[%clk 1:30:44]} b5 {[%clk 1:22:23]} 7. Qd2 {[%clk 1:30:19]} h5
{[%clk 1:21:54]} 8. Nh3 {[%clk 1:30:20]} Bxh3 {[%clk 1:22:05]} 9. Rxh3
{[%clk 1:30:46]} Nbd7 {[%clk 1:21:53]} 10. O-O-O {[%clk 1:29:10]} Nb6
{[%clk 1:12:23]} 11. Bd3 {[%clk 1:15:31]} Nfd7 {[%clk 1:07:21]} 12. Qf2
{[%clk 1:13:15]} b4 {[%clk 0:55:27]} 13. Ne2 {[%clk 1:11:02]} c5 {[%clk 0:52:59]}
14. dxc5 {[%clk 0:53:16]} dxc5 {[%clk 0:52:45]} 15. e5 {[%clk 0:51:36]} Bxe5
{[%clk 0:49:47]} 16. f4 {[%clk 0:50:51]} Bf6 {[%clk 0:41:34]} 17. f5
{[%clk 0:48:31]} gxf5 {[%clk 0:40:24]} 18. Bxf5 {[%clk 0:48:34]} Qc7
{[%clk 0:34:14]} 19. Bg5 {[%clk 0:46:34]} Rg8 {[%clk 0:29:35]} 20. Nf4
{[%clk 0:35:41]} Bd4 {[%clk 0:17:08]} 21. Qf3 {[%clk 0:27:36]} Ne5
{[%clk 0:14:01]} 22. Qxh5 {[%clk 0:26:47]} Bxb2+ {[%clk 0:12:51]} 23. Kb1
{[%clk 0:24:41]} Rd8 {[%clk 0:11:04]} 24. Re1 {[%clk 0:20:40]} Nbc4
{[%clk 0:04:37]} 25. Ne6 {[%clk 0:20:19]} Qa5 {[%clk 0:03:29]} 26. Ng7+
{[%clk 0:14:27]} Kf8 {[%clk 0:03:54]} 27. Qh6 {[%clk 0:12:42]} Rd6
{[%clk 0:03:35]} 28. Ne6+ {[%clk 0:07:07]} Ke8 {[%clk 0:04:00]} 29. Qh7
{[%clk 0:07:00]} Rf8 {[%clk 0:02:50]} 30. Qg7 {[%clk 0:00:50]} Rxe6
{[%clk 0:02:17]} 31. Bxe6 {[%clk 0:01:14]} b3 {[%clk 0:01:19]} 32. Bxf7+
{[%clk 0:01:35]} Rxf7 {[%clk 0:01:22]} 33. Qh8+ {[%clk 0:01:57]} Rf8
{[%clk 0:00:52]} 34. Qh5+ {[%clk 0:02:21]} Rf7 {[%clk 0:01:11]} 35. Qh8+
{[%clk 0:02:45]} Rf8 {[%clk 0:00:52]} 36. Qh5+ {[%clk 0:02:59]} Rf7
{[%clk 0:01:02]} 37. Qh8+ {[%clk 0:03:18]} Kd7 1/2-1/2

[Event "5th European Small Nations"]
[Site "Andorra la Vella"]
[Date "2017.11.13"]
[Round "3.11"]
[White "Aloma Vidal, Robert"]
[Black "Hoegener, Claude"]
[Result "1-0"]
[BlackElo "2118"]
[WhiteElo "2440"]
[LiveChessVersion "1.4.8"]

1. d4 {[%clk 1:29:21]} e6 {[%clk 1:30:34]} 2. c4 {[%clk 1:29:34]} d5
{[%clk 1:30:57]} 3. Nc3 {[%clk 1:29:54]} Nf6 {[%clk 1:31:03]} 4. Bg5
{[%clk 1:29:39]} Be7 {[%clk 1:31:11]} 5. e3 {[%clk 1:29:52]} O-O {[%clk 1:30:51]}
6. Nf3 {[%clk 1:29:00]} c6 {[%clk 1:29:31]} 7. Rc1 {[%clk 1:27:59]} Nbd7
{[%clk 1:29:39]} 8. Bd3 {[%clk 1:27:13]} h6 {[%clk 1:29:40]} 9. Bh4
{[%clk 1:27:04]} b6 {[%clk 1:29:45]} 10. O-O {[%clk 1:26:51]} Bb7
{[%clk 1:29:55]} 11. cxd5 {[%clk 1:22:10]} cxd5 {[%clk 1:29:52]} 12. Qe2
{[%clk 1:16:30]} Ne4 {[%clk 1:25:22]} 13. Bxe7 {[%clk 1:13:36]} Qxe7
{[%clk 1:25:24]} 14. Bb5 {[%clk 1:04:22]} Rfd8 {[%clk 1:22:31]} 15. Rc2
{[%clk 1:03:50]} Nd6 {[%clk 1:17:35]} 16. Ba6 {[%clk 1:01:18]} Nb8
{[%clk 1:00:49]} 17. Bxb7 {[%clk 0:58:20]} Qxb7 {[%clk 1:01:02]} 18. Rfc1
{[%clk 0:58:23]} Nd7 {[%clk 0:53:17]} 19. Nb5 {[%clk 0:56:36]} Nxb5
{[%clk 0:51:07]} 20. Qxb5 {[%clk 0:56:52]} Rac8 {[%clk 0:51:05]} 21. Qd3
{[%clk 0:53:51]} a6 {[%clk 0:49:59]} 22. a4 {[%clk 0:52:56]} b5 {[%clk 0:39:37]}
23. a5 {[%clk 0:52:59]} Re8 {[%clk 0:27:23]} 24. h3 {[%clk 0:52:29]} Red8
{[%clk 0:25:45]} 25. Qb3 {[%clk 0:47:53]} Kh8 {[%clk 0:20:07]} 26. Ne1
{[%clk 0:35:01]} Nf6 {[%clk 0:07:54]} 27. Nd3 {[%clk 0:34:55]} Nd7
{[%clk 0:05:54]} 28. Rc3 {[%clk 0:34:46]} Kg8 {[%clk 0:04:54]} 29. Qc2
{[%clk 0:33:22]} Rxc3 {[%clk 0:04:01]} 30. Qxc3 {[%clk 0:33:47]} Kf8
{[%clk 0:02:52]} 31. Kf1 {[%clk 0:30:18]} Ke8 {[%clk 0:02:19]} 32. Ke2
{[%clk 0:30:17]} Rb8 {[%clk 0:02:25]} 33. Nb4 {[%clk 0:30:00]} Ra8
{[%clk 0:01:09]} 34. Qc2 {[%clk 0:28:55]} Kf8 {[%clk 0:00:39]} 35. Qc6
{[%clk 0:28:09]} Qxc6 {[%clk 0:00:35]} 36. Rxc6 {[%clk 0:28:32]} 1-0

[Event "5th European Small Nations"]
[Site "Andorra la Vella"]
[Date "2017.11.13"]
[Round "3.12"]
[White "Linster, Philippe"]
[Black "Garcia Paolicchi, Raul"]
[Result "1-0"]
[BlackElo "2150"]
[WhiteElo "2230"]
[LiveChessVersion "1.4.8"]

1. c4 {[%clk 1:30:57]} c6 {[%clk 1:30:36]} 2. Nf3 {[%clk 1:31:14]} d5
{[%clk 1:30:51]} 3. g3 {[%clk 1:31:32]} Nf6 {[%clk 1:29:59]} 4. Bg2
{[%clk 1:31:49]} Bf5 {[%clk 1:26:10]} 5. cxd5 {[%clk 1:31:12]} cxd5
{[%clk 1:26:22]} 6. Qb3 {[%clk 1:31:21]} Qc8 {[%clk 1:22:22]} 7. Nc3
{[%clk 1:30:35]} e6 {[%clk 1:22:04]} 8. d3 {[%clk 1:29:56]} Nc6 {[%clk 1:19:59]}
9. Bf4 {[%clk 1:26:12]} Qd7 {[%clk 1:17:41]} 10. e4 {[%clk 1:09:54]} Bg6
{[%clk 1:17:21]} 11. O-O {[%clk 0:56:55]} Be7 {[%clk 1:05:51]} 12. exd5
{[%clk 0:44:21]} Nxd5 {[%clk 0:46:38]} 13. Nxd5 {[%clk 0:43:56]} exd5
{[%clk 0:46:54]} 14. Ne5 {[%clk 0:41:08]} Nxe5 {[%clk 0:46:29]} 15. Bxe5
{[%clk 0:41:35]} O-O {[%clk 0:44:13]} 16. Qxd5 {[%clk 0:35:02]} Qxd5
{[%clk 0:37:36]} 17. Bxd5 {[%clk 0:35:30]} Rad8 {[%clk 0:37:50]} 18. Bxb7
{[%clk 0:35:03]} Bxd3 {[%clk 0:37:58]} 19. Rfd1 {[%clk 0:31:55]} Bc4
{[%clk 0:32:05]} 20. b3 {[%clk 0:30:09]} Be6 {[%clk 0:30:08]} 21. Bc7
{[%clk 0:26:43]} Rxd1+ {[%clk 0:27:36]} 22. Rxd1 {[%clk 0:27:12]} h5
{[%clk 0:28:00]} 23. h4 {[%clk 0:24:02]} Re8 {[%clk 0:25:54]} 24. Bf3
{[%clk 0:16:52]} g6 {[%clk 0:24:33]} 25. Bd6 {[%clk 0:15:33]} Bf6
{[%clk 0:20:19]} 26. Bc5 {[%clk 0:15:37]} a5 {[%clk 0:18:52]} 27. Bb6
{[%clk 0:13:18]} Bc3 {[%clk 0:16:55]} 28. Rd8 {[%clk 0:12:50]} Rxd8
{[%clk 0:17:20]} 29. Bxd8 {[%clk 0:13:18]} f6 {[%clk 0:14:00]} 30. Kf1
{[%clk 0:10:08]} Kf7 {[%clk 0:12:28]} 31. Ke2 {[%clk 0:09:23]} Bf5
{[%clk 0:10:19]} 32. Bd5+ {[%clk 0:08:13]} Ke8 {[%clk 0:10:12]} 33. Bb6
{[%clk 0:08:42]} Bb4 {[%clk 0:08:57]} 34. Ke3 {[%clk 0:08:12]} Kd7
{[%clk 0:08:16]} 35. Bd4 {[%clk 0:04:28]} Ke7 {[%clk 0:05:52]} 36. Bc4
{[%clk 0:02:15]} g5 {[%clk 0:05:04]} 37. Be2 {[%clk 0:01:51]} Bg6
{[%clk 0:04:00]} 38. Bd3 {[%clk 0:01:46]} Bf7 {[%clk 0:03:36]} 39. Bf5
{[%clk 0:01:50]} Be8 {[%clk 0:02:08]} 40. Kd3 {[%clk 0:30:51]} Bb5+
{[%clk 0:31:33]} 41. Kc2 {[%clk 0:27:01]} gxh4 {[%clk 0:28:45]} 42. gxh4
{[%clk 0:27:30]} Be2 {[%clk 0:27:21]} 43. Kb2 {[%clk 0:20:01]} Bg4
{[%clk 0:24:17]} 44. Bxg4 {[%clk 0:14:09]} hxg4 {[%clk 0:24:40]} 45. Kc2
{[%clk 0:13:38]} Ke6 {[%clk 0:19:22]} 46. Kd3 {[%clk 0:13:14]} Kf5
{[%clk 0:19:24]} 47. Ke3 {[%clk 0:12:42]} Bd6 {[%clk 0:18:55]} 48. Bb6
{[%clk 0:11:31]} Bb4 {[%clk 0:18:28]} 49. a4 {[%clk 0:11:15]} Bc3
{[%clk 0:14:27]} 50. Kd3 {[%clk 0:09:40]} Bb4 {[%clk 0:13:38]} 51. Be3
{[%clk 0:10:01]} Kg6 {[%clk 0:13:13]} 52. Ke4 {[%clk 0:08:50]} f5+
{[%clk 0:13:06]} 53. Ke5 {[%clk 0:09:08]} Bc3+ {[%clk 0:09:36]} 54. Ke6
{[%clk 0:08:59]} Bb4 {[%clk 0:08:37]} 55. h5+ {[%clk 0:08:23]} Kxh5
{[%clk 0:09:04]} 56. Kxf5 {[%clk 0:08:50]} Kh4 {[%clk 0:08:34]} 57. Bd4
{[%clk 0:05:46]} Kh3 {[%clk 0:08:14]} 58. Bb6 {[%clk 0:04:53]} Bd2
{[%clk 0:07:25]} 59. Ke4 {[%clk 0:04:46]} Kg2 {[%clk 0:06:46]} 60. Kd3
{[%clk 0:04:23]} Be1 {[%clk 0:06:22]} 61. Ke2 {[%clk 0:04:50]} Bb4
{[%clk 0:06:39]} 62. Bd4 {[%clk 0:05:07]} Kh3 {[%clk 0:06:32]} 63. Be5
{[%clk 0:01:30]} Kg2 {[%clk 0:06:26]} 64. Bd4 {[%clk 0:01:45]} Kh3
{[%clk 0:06:46]} 65. Kf1 {[%clk 0:01:36]} Bd2 {[%clk 0:06:41]} 66. Bb6
{[%clk 0:01:49]} Bb4 {[%clk 0:06:57]} 67. Bd4 {[%clk 0:01:42]} Bd2
{[%clk 0:07:10]} 68. Bc5 {[%clk 0:02:06]} Bc3 {[%clk 0:07:31]} 69. Bd6
{[%clk 0:00:59]} Bd2 {[%clk 0:07:30]} 70. Be5 {[%clk 0:01:10]} Bb4
{[%clk 0:07:49]} 71. Bf4 {[%clk 0:01:14]} Bc3 {[%clk 0:07:53]} 72. Ke2
{[%clk 0:01:12]} Kg2 {[%clk 0:07:59]} 73. Be3 {[%clk 0:01:19]} Bb4
{[%clk 0:07:16]} 74. Bb6 {[%clk 0:01:38]} Kh3 {[%clk 0:07:14]} 75. Bd4
{[%clk 0:01:44]} Kg2 {[%clk 0:07:27]} 76. Be3 {[%clk 0:02:06]} Kh3
{[%clk 0:07:43]} 77. Bd2 {[%clk 0:02:20]} Bxd2 {[%clk 0:05:31]} 78. Kxd2
{[%clk 0:02:49]} Kg2 {[%clk 0:05:08]} 79. Ke2 {[%clk 0:01:11]} Kg1
{[%clk 0:05:22]} 80. Ke1 {[%clk 0:00:45]} Kg2 {[%clk 0:05:46]} 81. Ke2
{[%clk 0:01:14]} Kg1 {[%clk 0:06:04]} 82. f4 {[%clk 0:00:57]} g3 {[%clk 0:05:55]}
83. f5 {[%clk 0:01:23]} g2 {[%clk 0:06:07]} 84. f6 {[%clk 0:01:53]} Kh2
{[%clk 0:05:45]} 85. f7 {[%clk 0:02:19]} g1=Q {[%clk 0:06:03]} 86. f8=Q
{[%clk 0:02:47]} Qg4+ {[%clk 0:04:12]} 87. Qf3 {[%clk 0:03:09]} Qe6+
{[%clk 0:04:11]} 88. Kd2 {[%clk 0:03:03]} Qd6+ {[%clk 0:03:23]} 89. Kc2
{[%clk 0:03:15]} Qg6+ {[%clk 0:03:14]} 90. Qd3 {[%clk 0:03:28]} Qb6
{[%clk 0:02:00]} 91. Kb2 {[%clk 0:03:01]} Kh1 {[%clk 0:01:46]} 92. Qe4+
{[%clk 0:03:16]} Kh2 {[%clk 0:02:00]} 93. Qe5+ {[%clk 0:03:28]} Kg2
{[%clk 0:01:53]} 94. Ka2 {[%clk 0:03:34]} Kh1 {[%clk 0:01:59]} 95. Qe1+
{[%clk 0:03:09]} Kg2 {[%clk 0:02:13]} 96. Qe5 {[%clk 0:03:16]} Kh1
{[%clk 0:02:17]} 97. Qe4+ {[%clk 0:02:46]} Kh2 {[%clk 0:02:36]} 98. Kb2
{[%clk 0:02:20]} Qf6+ {[%clk 0:02:15]} 99. Kc2 {[%clk 0:02:45]} Qb6
{[%clk 0:01:24]} 100. Qe5+ {[%clk 0:02:52]} Kh1 {[%clk 0:01:40]} 101. Qd5+
{[%clk 0:03:15]} Kg1 {[%clk 0:01:44]} 102. Kc3 {[%clk 0:03:10]} Kh2
{[%clk 0:01:28]} 103. Kd3 {[%clk 0:02:02]} Qg6+ {[%clk 0:01:08]} 104. Kc4
{[%clk 0:02:03]} Qb6 {[%clk 0:01:03]} 105. Qe5+ {[%clk 0:01:44]} Kh1
{[%clk 0:01:17]} 106. Qc5 {[%clk 0:01:43]} Qa6+ {[%clk 0:01:28]} 107. Qb5
{[%clk 0:01:30]} Qc8+ {[%clk 0:01:42]} 108. Kd5 {[%clk 0:01:33]} Qd8+
{[%clk 0:00:56]} 109. Kc6 {[%clk 0:01:42]} Qc8+ {[%clk 0:01:00]} 110. Kb6
{[%clk 0:01:55]} Qd8+ {[%clk 0:01:21]} 111. Kb7 {[%clk 0:02:01]} Kh2
{[%clk 0:01:25]} 112. Ka7 {[%clk 0:01:24]} Kh3 {[%clk 0:00:54]} 113. Qc6
{[%clk 0:00:46]} Qd3 {[%clk 0:00:43]} 114. Qe6+ {[%clk 0:00:57]} Kh2
{[%clk 0:00:58]} 115. Kb6 {[%clk 0:01:03]} Qd2 {[%clk 0:01:05]} 116. Qe5+
{[%clk 0:01:21]} Kh1 {[%clk 0:00:40]} 117. Qh5+ {[%clk 0:01:03]} Kg2
{[%clk 0:00:52]} 118. Qb5 {[%clk 0:01:06]} Kh1 {[%clk 0:01:06]} 119. Qc6+
{[%clk 0:01:13]} Kh2 {[%clk 0:01:20]} 120. Ka6 {[%clk 0:01:15]} Kg1
{[%clk 0:00:41]} 121. Qc5+ {[%clk 0:01:32]} 1-0

[Event "5th European Small Nations"]
[Site "Andorra la Vella"]
[Date "2017.11.14"]
[Round "4.1"]
[White "Darmanin, Jake"]
[Black "Weber, Tom"]
[Result "0-1"]
[BlackElo "2418"]
[WhiteElo "2058"]
[LiveChessVersion "1.4.8"]

1. e4 {[%clk 1:30:52]} c5 {[%clk 1:30:56]} 2. c3 {[%clk 1:31:13]} d5
{[%clk 1:31:21]} 3. exd5 {[%clk 1:31:39]} Qxd5 {[%clk 1:31:46]} 4. d4
{[%clk 1:31:55]} Nc6 {[%clk 1:31:58]} 5. Nf3 {[%clk 1:31:43]} e6 {[%clk 1:32:15]}
6. Na3 {[%clk 1:31:04]} Nf6 {[%clk 1:31:08]} 7. Nb5 {[%clk 1:29:00]} Qd8
{[%clk 1:31:09]} 8. dxc5 {[%clk 1:27:59]} Bxc5 {[%clk 1:31:34]} 9. Qxd8+
{[%clk 1:27:45]} Kxd8 {[%clk 1:32:01]} 10. Bf4 {[%clk 1:25:21]} Ne4
{[%clk 1:32:10]} 11. Ng5 {[%clk 1:24:07]} Nxg5 {[%clk 1:31:08]} 12. Bxg5+
{[%clk 1:18:38]} f6 {[%clk 1:31:28]} 13. Be3 {[%clk 1:14:16]} Bxe3
{[%clk 1:31:28]} 14. fxe3 {[%clk 1:12:49]} Ke7 {[%clk 1:30:45]} 15. Nd4
{[%clk 1:06:25]} Bd7 {[%clk 1:30:05]} 16. Be2 {[%clk 1:05:30]} Ne5
{[%clk 1:26:28]} 17. O-O-O {[%clk 0:54:58]} Rac8 {[%clk 1:23:46]} 18. Bf3
{[%clk 0:45:25]} b5 {[%clk 1:22:41]} 19. Kb1 {[%clk 0:41:08]} Rc7
{[%clk 1:20:46]} 20. Be2 {[%clk 0:39:20]} Rb8 {[%clk 1:20:36]} 21. Rd2
{[%clk 0:36:14]} Be8 {[%clk 1:13:53]} 22. Rhd1 {[%clk 0:31:58]} g5
{[%clk 1:09:15]} 23. h3 {[%clk 0:31:03]} Rb6 {[%clk 1:06:38]} 24. Nf3
{[%clk 0:27:14]} Bg6+ {[%clk 1:06:41]} 25. Ka1 {[%clk 0:27:26]} Nf7
{[%clk 1:06:53]} 26. Nd4 {[%clk 0:22:38]} Nd6 {[%clk 1:05:44]} 27. Nb3
{[%clk 0:18:16]} Nf5 {[%clk 0:58:21]} 28. Rd3 {[%clk 0:06:45]} Nh4
{[%clk 0:52:41]} 29. Rd8 {[%clk 0:07:01]} Nxg2 {[%clk 0:45:18]} 30. Rg8
{[%clk 0:01:44]} Nxe3 {[%clk 0:42:24]} 31. Rg7+ {[%clk 0:01:39]} Bf7
{[%clk 0:42:43]} 32. Rd3 {[%clk 0:00:44]} Nd5 {[%clk 0:40:57]} 33. Rxh7
{[%clk 0:00:38]} Kf8 {[%clk 0:40:26]} 34. Rh8+ {[%clk 0:00:41]} Bg8
{[%clk 0:38:16]} 35. Nd4 {[%clk 0:00:36]} Kg7 {[%clk 0:38:19]} 36. Rh5
{[%clk 0:00:46]} Bf7 {[%clk 0:38:11]} 37. Rg3 {[%clk 0:00:41]} Nf4
{[%clk 0:37:53]} 0-1

[Event "5th European Small Nations"]
[Site "Andorra la Vella"]
[Date "2017.11.14"]
[Round "4.2"]
[White "Hoegener, Claude"]
[Black "Vella, Duncan"]
[Result "1/2-1/2"]
[BlackElo "1989"]
[WhiteElo "2118"]
[LiveChessVersion "1.4.8"]

1. d4 {[%clk 1:30:50]} d5 {[%clk 1:30:38]} 2. Nf3 {[%clk 1:31:12]} Nf6
{[%clk 1:30:55]} 3. c4 {[%clk 1:30:43]} c6 {[%clk 1:31:00]} 4. Nc3
{[%clk 1:31:00]} dxc4 {[%clk 1:31:13]} 5. a4 {[%clk 1:31:23]} Bf5
{[%clk 1:30:54]} 6. e3 {[%clk 1:31:35]} e6 {[%clk 1:31:04]} 7. Bxc4
{[%clk 1:31:49]} Bb4 {[%clk 1:31:09]} 8. Qb3 {[%clk 1:31:51]} a5 {[%clk 1:27:17]}
9. O-O {[%clk 1:31:21]} Qe7 {[%clk 1:25:06]} 10. Ne5 {[%clk 1:28:28]} O-O
{[%clk 1:20:14]} 11. f3 {[%clk 1:27:29]} Nfd7 {[%clk 1:10:34]} 12. Nd3
{[%clk 1:24:58]} Nb6 {[%clk 1:03:26]} 13. e4 {[%clk 1:20:25]} Bg6
{[%clk 0:55:35]} 14. Be3 {[%clk 1:16:45]} N8d7 {[%clk 0:49:37]} 15. Rfd1
{[%clk 1:06:25]} Rac8 {[%clk 0:39:19]} 16. Rac1 {[%clk 0:59:10]} c5
{[%clk 0:33:54]} 17. d5 {[%clk 0:46:57]} Bxc3 {[%clk 0:25:32]} 18. Rxc3
{[%clk 0:42:58]} Nxc4 {[%clk 0:17:40]} 19. Qxc4 {[%clk 0:42:50]} exd5
{[%clk 0:15:35]} 20. Qxd5 {[%clk 0:42:32]} Nf6 {[%clk 0:14:32]} 21. Qc4
{[%clk 0:31:23]} b6 {[%clk 0:13:06]} 22. Bg5 {[%clk 0:31:21]} Qe6
{[%clk 0:10:53]} 23. Nf4 {[%clk 0:16:55]} Qxc4 {[%clk 0:09:07]} 24. Rxc4
{[%clk 0:16:48]} Rfd8 {[%clk 0:06:38]} 25. Rcc1 {[%clk 0:16:09]} Rxd1+
{[%clk 0:03:59]} 26. Rxd1 {[%clk 0:16:29]} Ne8 {[%clk 0:03:51]} 27. Rd8
{[%clk 0:14:18]} Rxd8 {[%clk 0:03:12]} 28. Bxd8 {[%clk 0:14:42]} Nd6
{[%clk 0:03:38]} 29. Nd5 {[%clk 0:11:50]} Nc4 {[%clk 0:03:04]} 30. Bxb6
{[%clk 0:09:34]} Nxb2 {[%clk 0:03:23]} 31. Nc3 {[%clk 0:08:32]} f6
{[%clk 0:03:14]} 32. Bxc5 {[%clk 0:05:34]} Be8 {[%clk 0:03:31]} 33. Bb6
{[%clk 0:05:47]} Nxa4 {[%clk 0:03:44]} 34. Bxa5 {[%clk 0:05:48]} Nxc3
{[%clk 0:04:06]} 35. Bxc3 {[%clk 0:06:12]} Kf7 {[%clk 0:04:21]} 36. Kf2
{[%clk 0:06:32]} g5 {[%clk 0:03:51]} 37. Ke3 {[%clk 0:06:19]} h5 {[%clk 0:03:57]}
38. Be1 {[%clk 0:06:29]} Bd7 {[%clk 0:03:47]} 39. h4 {[%clk 0:06:39]} g4
{[%clk 0:03:12]} 40. Kd4 {[%clk 0:35:44]} gxf3 {[%clk 0:33:06]} 41. gxf3
{[%clk 0:36:08]} Ke6 {[%clk 0:32:13]} 42. f4 {[%clk 0:36:00]} f5 {[%clk 0:29:41]}
1/2-1/2

[Event "5th European Small Nations"]
[Site "Andorra la Vella"]
[Date "2017.11.14"]
[Round "4.3"]
[White "Sammut Briffa, Peter"]
[Black "Linster, Philippe"]
[Result "1/2-1/2"]
[BlackElo "2230"]
[WhiteElo "1962"]
[LiveChessVersion "1.4.8"]

1. e4 {[%clk 1:30:56]} e5 {[%clk 1:30:56]} 2. Nc3 {[%clk 1:31:20]} Nc6
{[%clk 1:31:21]} 3. Bc4 {[%clk 1:31:34]} Nf6 {[%clk 1:31:39]} 4. d3
{[%clk 1:31:48]} Na5 {[%clk 1:31:22]} 5. Nge2 {[%clk 1:31:18]} Bc5
{[%clk 1:31:13]} 6. O-O {[%clk 1:30:00]} O-O {[%clk 1:24:03]} 7. Bg5
{[%clk 1:28:25]} c6 {[%clk 1:16:13]} 8. Ng3 {[%clk 1:26:18]} h6 {[%clk 1:10:23]}
9. Bxf6 {[%clk 1:25:26]} Qxf6 {[%clk 1:10:37]} 10. Qd2 {[%clk 1:25:39]} Nxc4
{[%clk 1:05:24]} 11. dxc4 {[%clk 1:26:01]} d6 {[%clk 0:56:07]} 12. Na4
{[%clk 1:23:00]} Be6 {[%clk 0:53:08]} 13. Nxc5 {[%clk 1:20:28]} dxc5
{[%clk 0:53:31]} 14. b3 {[%clk 1:20:49]} Rfd8 {[%clk 0:47:59]} 15. Qe2
{[%clk 1:10:36]} Rd4 {[%clk 0:46:01]} 16. c3 {[%clk 1:08:03]} Rd7
{[%clk 0:46:06]} 17. Rad1 {[%clk 1:07:11]} Rad8 {[%clk 0:46:16]} 18. Rxd7
{[%clk 1:06:42]} Rxd7 {[%clk 0:46:45]} 19. Rd1 {[%clk 1:07:01]} Qd8
{[%clk 0:42:57]} 20. Rxd7 {[%clk 1:06:53]} Qxd7 {[%clk 0:43:26]} 21. Nf1
{[%clk 1:07:09]} Kf8 {[%clk 0:41:57]} 22. Qd2 {[%clk 1:07:09]} Qxd2
{[%clk 0:41:08]} 23. Nxd2 {[%clk 1:07:33]} Ke7 {[%clk 0:41:28]} 24. Kf1
{[%clk 1:07:40]} b5 {[%clk 0:39:58]} 25. cxb5 {[%clk 1:07:16]} cxb5
{[%clk 0:40:27]} 26. a3 {[%clk 1:07:25]} g6 {[%clk 0:33:51]} 27. b4
{[%clk 1:07:01]} Kd6 {[%clk 0:34:14]} 28. f3 {[%clk 1:06:18]} f5 {[%clk 0:34:22]}
29. Kf2 {[%clk 1:06:36]} f4 {[%clk 0:33:18]} 30. g4 {[%clk 1:05:03]} g5
{[%clk 0:29:10]} 31. h3 {[%clk 1:05:14]} Kc6 {[%clk 0:26:07]} 32. Ke2
{[%clk 1:04:57]} Kb6 {[%clk 0:20:53]} 33. Kf2 {[%clk 1:04:54]} Bf7
{[%clk 0:20:53]} 34. Kg2 {[%clk 1:04:57]} Kc6 {[%clk 0:20:40]} 35. Kf2
{[%clk 1:02:40]} Kd6 {[%clk 0:20:29]} 36. Ke2 {[%clk 1:02:51]} h5
{[%clk 0:18:17]} 37. Kf2 {[%clk 1:03:14]} h4 {[%clk 0:18:29]} 38. Kg2
{[%clk 1:03:28]} Kc6 {[%clk 0:18:19]} 39. Kh2 {[%clk 1:03:45]} Bc4
{[%clk 0:13:45]} 40. Kg2 {[%clk 1:34:05]} Be6 {[%clk 0:43:32]} 41. Kf2
{[%clk 1:34:26]} Kb6 {[%clk 0:43:38]} 42. Ke2 {[%clk 1:34:47]} Bf7
{[%clk 0:42:00]} 43. Kf2 {[%clk 1:35:03]} a5 {[%clk 0:40:17]} 44. Kg2
{[%clk 1:35:21]} a4 {[%clk 0:39:00]} 45. Kh2 {[%clk 1:35:42]} Bb3
{[%clk 0:39:03]} 46. Kg2 {[%clk 1:36:01]} Bc2 {[%clk 0:37:19]} 47. Kf2
{[%clk 1:36:16]} Bd3 {[%clk 0:37:19]} 48. Ke1 {[%clk 1:36:36]} Kc6
{[%clk 0:36:33]} 49. Kf2 {[%clk 1:36:55]} Kc7 {[%clk 0:34:56]} 50. Kg2
{[%clk 1:37:18]} Kd6 {[%clk 0:32:41]} 51. Kh2 {[%clk 1:37:40]} Ke7
{[%clk 0:30:26]} 52. Kg2 {[%clk 1:37:48]} Kd6 1/2-1/2

[Event "5th European Small Nations"]
[Site "Andorra la Vella"]
[Date "2017.11.14"]
[Round "4.4"]
[White "Gengler, Pierre"]
[Black "Lauri, Joseph"]
[Result "1-0"]
[BlackElo "2174"]
[WhiteElo "2192"]
[LiveChessVersion "1.4.8"]

1. g3 {[%clk 1:30:58]} Nf6 {[%clk 1:30:50]} 2. Bg2 {[%clk 1:31:24]} g6
{[%clk 1:31:07]} 3. d4 {[%clk 1:31:07]} Bg7 {[%clk 1:31:25]} 4. e4
{[%clk 1:31:17]} d6 {[%clk 1:31:46]} 5. Nc3 {[%clk 1:31:36]} O-O {[%clk 1:31:25]}
6. Nge2 {[%clk 1:31:54]} Nbd7 {[%clk 1:27:46]} 7. O-O {[%clk 1:31:39]} c5
{[%clk 1:21:54]} 8. h3 {[%clk 1:31:44]} Rb8 {[%clk 1:20:17]} 9. dxc5
{[%clk 1:24:00]} Nxc5 {[%clk 1:20:03]} 10. Nd4 {[%clk 1:23:58]} Bd7
{[%clk 1:14:46]} 11. Be3 {[%clk 1:24:14]} a6 {[%clk 0:52:09]} 12. Qd2
{[%clk 1:23:13]} Qc7 {[%clk 0:47:54]} 13. Rae1 {[%clk 1:11:34]} Rbc8
{[%clk 0:43:52]} 14. f4 {[%clk 1:01:04]} e5 {[%clk 0:35:35]} 15. Nb3
{[%clk 0:54:09]} Nxb3 {[%clk 0:34:27]} 16. cxb3 {[%clk 0:53:32]} Bc6
{[%clk 0:34:14]} 17. Rd1 {[%clk 0:53:12]} Rfd8 {[%clk 0:32:31]} 18. Qf2
{[%clk 0:51:12]} Qe7 19. fxe5 {[%clk 0:35:54]} dxe5 {[%clk 0:30:25]} 20. Bg5
{[%clk 0:33:35]} Rxd1 {[%clk 0:30:42]} 21. Nxd1 {[%clk 0:32:51]} Nxe4
{[%clk 0:30:20]} 22. Bxe7 {[%clk 0:32:51]} Nxf2 {[%clk 0:30:36]} 23. Rxf2
{[%clk 0:31:37]} f5 {[%clk 0:29:27]} 24. Rc2 {[%clk 0:30:33]} e4 {[%clk 0:29:31]}
25. Bg5 Rd8 26. Bxd8 {[%clk 0:28:29]} 1-0